[Event "Dubna-ch"]
[Site "Dubna"]
[Date "2009.02.22"]
[Round "9"]
[White "Doronine, Vladimir"]
[Black "Shikalov, Roman"]
[Result "0-1"]
[WhiteElo "1947"]
[BlackElo "2425"]
[PlyCount "56"]
[EventDate "2009.02.16"]
[EventType "tourn"]
[EventRounds "11"]
[EventCountry "RUS"]
[SourceTitle "EXT 2012"]
[Source "ChessBase"]
[SourceDate "2011.11.24"]
[SourceVersion "1"]
[SourceVersionDate "2011.11.24"]
[SourceQuality "1"]

1. d4 Nf6 2. g3 g6 3. Bg2 Bg7 4. c4 0-0 5. Nc3 c5 6. d5 d6 7. Nf3 Na6 8. Bd2 Nc7 9. Qc1 Re8 10. 0-0 Rb8 11. Bh6 Bh8 12. Re1 b5 13. b3 Ba6 14. Nd1 Ng4 15. Rb1 bxc4 16. h3 Nxh6 17. Qxh6 Bg7 18. Qh4 Nxd5 19. Ng5 Nf6 20. Ne3 h6 21. Ne4 Nxe4 22. Bxe4 cxb3 23. axb3 e6 24. Bc6 Qxh4 25. gxh4 Rec8 26. Bd7 Rc7 27. Ba4 h5 28. Rec1 Bxe2 0-1

[Event "Dubna-ch"]
[Site "Dubna"]
[Date "2009.02.18"]
[Round "3"]
[White "Shikalov, Roman"]
[Black "Sarkhadov, Ibrakhim"]
[Result "1-0"]
[WhiteElo "2425"]
[BlackElo "1849"]
[PlyCount "24"]
[EventDate "2009.02.16"]
[EventType "tourn"]
[EventRounds "11"]
[EventCountry "RUS"]
[SourceTitle "EXT 2012"]
[Source "ChessBase"]
[SourceDate "2011.11.24"]
[SourceVersion "1"]
[SourceVersionDate "2011.11.24"]
[SourceQuality "1"]

1. Nf3 Nf6 2. g3 b6 3. Bg2 Bb7 4. 0-0 d6 5. d3 Nbd7 6. e4 c5 7. Nc3 a6 8. Qe2 e6 9. Nh4 Qc7 10. f4 Be7 11. Nd1 0-0 12. c4 b5 1-0

[Event "Dubna Autumn Rating"]
[Site "Dubna"]
[Date "2008.10.12"]
[Round "4.3"]
[White "Kutschera, Julian"]
[Black "Shikalov, Roman"]
[Result "0-1"]
[WhiteElo "1936"]
[BlackElo "2418"]
[PlyCount "104"]
[EventDate "2008.10.10"]
[EventType "tourn"]
[EventRounds "8"]
[EventCountry "RUS"]
[SourceTitle "EXT 2022"]
[Source "ChessBase"]
[SourceDate "2021.10.06"]
[SourceVersion "1"]
[SourceVersionDate "2021.10.06"]
[SourceQuality "1"]

1. d4 Nf6 2. Nc3 d5 3. g3 e6 4. Bg2 c5 5. Nf3 Nc6 6. 0-0 Be7 7. a3 0-0 8. dxc5 Bxc5 9. b4 Be7 10. e3 b6 11. Bb2 Bb7 12. Ne2 Ne4 13. Nfd4 Nd6 14. Nxc6 Bxc6 15. Nf4 Nc4 16. Rb1 Nxb2 17. Rxb2 Bf6 18. Rb1 Bb5 19. Ne2 Rc8 20. Qd2 Qc7 21. Rfc1 Bc3 22. Qd1 Qe5 23. Nd4 Bxd4 24. exd4 Qe2 25. Bf3 Qxd1+ 26. Bxd1 Ba4 27. Kg2 Rc3 28. Ra1 Rfc8 29. h4 g6 30. Kf1 Bxc2 31. Ke1 Bxd1 32. Kxd1 R3c4 33. Rxc4 Rxc4 34. Rc1 Rxd4+ 35. Ke2 a5 36. Rc6 axb4 37. Rxb6 bxa3 38. Ra6 Kg7 39. Rxa3 Kf6 40. Rf3+ Ke7 41. Ra3 h5 42. Ra7+ Kf6 43. Ra3 Ke5 44. f3 Rb4 45. Re3+ Kd4 46. Rd3+ Kc4 47. g4 Rb2+ 48. Rd2 Rxd2+ 49. Kxd2 d4 50. g5 e5 51. Kc2 d3+ 52. Kd2 Kd4 0-1

[Event "Dubna Autumn Rating"]
[Site "Dubna"]
[Date "2008.10.11"]
[Round "2.4"]
[White "Sergeev, Vladimir"]
[Black "Shikalov, Roman"]
[Result "1/2-1/2"]
[WhiteElo "2441"]
[BlackElo "2418"]
[PlyCount "47"]
[EventDate "2008.10.10"]
[EventType "tourn"]
[EventRounds "8"]
[EventCountry "RUS"]
[SourceTitle "EXT 2022"]
[Source "ChessBase"]
[SourceDate "2021.10.06"]
[SourceVersion "1"]
[SourceVersionDate "2021.10.06"]
[SourceQuality "1"]

1. e4 e6 2. d4 d5 3. exd5 exd5 4. Bd3 Bd6 5. Nf3 Bg4 6. 0-0 Qf6 7. Bg5 Qxg5 8. Nxg5 Bxd1 9. Rxd1 Ne7 10. Nc3 c6 11. Re1 h6 12. Nf3 Nd7 13. Re2 0-0 14. Rae1 Rfe8 15. Nd1 Kf8 16. Ne3 Ng8 17. Ng4 Rxe2 18. Rxe2 Re8 19. Kf1 Rxe2 20. Kxe2 g6 21. b3 Kg7 22. c4 Ne7 23. Ke3 Nf8 24. Ke2 1/2-1/2

[Event "Dubna Autumn Rating"]
[Site "Dubna"]
[Date "2008.10.11"]
[Round "3.3"]
[White "Shikalov, Roman"]
[Black "Kourilov, Valentin"]
[Result "1-0"]
[WhiteElo "2418"]
[BlackElo "1920"]
[PlyCount "85"]
[EventDate "2008.10.10"]
[EventType "tourn"]
[EventRounds "8"]
[EventCountry "RUS"]
[SourceTitle "EXT 2022"]
[Source "ChessBase"]
[SourceDate "2021.10.06"]
[SourceVersion "1"]
[SourceVersionDate "2021.10.06"]
[SourceQuality "1"]

1. d4 d5 2. c4 e6 3. g3 Nf6 4. Bg2 c6 5. Nf3 Bd6 6. Qc2 Nbd7 7. 0-0 0-0 8. Nbd2 Re8 9. b3 a5 10. Bb2 Nf8 11. Rad1 Bd7 12. Ne5 Bc8 13. e4 N8d7 14. Nxf7 Kxf7 15. e5 Bb4 16. exf6 Nxf6 17. Nf3 Kg8 18. Ne5 Bd6 19. Rde1 Bxe5 20. Rxe5 Bd7 21. Rfe1 Rb8 22. c5 b5 23. a3 Rb7 24. Bh3 Qc8 25. f3 Re7 26. Qe2 Kf7 27. Bc1 h6 28. Bf4 a4 29. b4 Nh7 30. Re3 Nf8 31. Bd6 Re8 32. f4 g6 33. Re5 Nh7 34. g4 Nf6 35. Bg2 Nh7 36. g5 h5 37. h4 Nf8 38. Bf3 Ra7 39. Bxh5 gxh5 40. Qxh5+ Kg8 41. g6 Qd8 42. Bxf8 Kxf8 43. Qh8+ 1-0

[Event "Kimry-ch"]
[Site "Kimry"]
[Date "2004.??.??"]
[Round "1"]
[White "Gusakov, Pavel"]
[Black "Shikalov, Roman"]
[Result "0-1"]
[WhiteElo "2101"]
[BlackElo "2424"]
[PlyCount "140"]
[EventDate "2004.??.??"]
[EventType "swiss"]
[EventRounds "9"]
[EventCountry "RUS"]
[SourceTitle "EXT 2005"]
[Source "ChessBase"]
[SourceDate "2004.11.15"]
[SourceVersion "1"]
[SourceVersionDate "2004.11.15"]
[SourceQuality "1"]

1. e4 c5 2. Nf3 d6 3. d4 cxd4 4. Qxd4 Nc6 5. Bb5 Bd7 6. Bxc6 Bxc6 7. Nc3 Nf6 8. Bg5 Nd7 9. 0-0-0 Qb6 10. Be3 Qxd4 11. Nxd4 a6 12. Rhe1 e6 13. Bg5 Rc8 14. Bh4 b5 15. f4 Ba8 16. Nf5 Rc6 17. Nd5 Nc5 18. Nd4 Rc8 19. Nb6 Rb8 20. Nxa8 Rxa8 21. e5 dxe5 22. fxe5 Rc8 23. Re2 Be7 24. Bxe7 Kxe7 25. Red2 Rhe8 26. Rf1 Rc7 27. Nf3 h6 28. g4 Rec8 29. Kb1 Nd7 30. Rdf2 g6 31. Rd1 Rc5 32. Rdf1 Rd5 33. b3 Rc3 34. Kb2 Re3 35. a3 Ke8 36. Kc1 a5 37. Rd2 Rxd2 38. Kxd2 Re4 39. Kd3 Nc5+ 40. Kc3 b4+ 41. axb4 axb4+ 42. Kd2 Rxg4 43. Ra1 Rg2+ 44. Kc1 Rf2 45. Ra8+ Kd7 46. Nd4 Kc7 47. Rf8 g5 48. h3 Rf4 49. Ne2 Rf1+ 50. Kd2 Nd7 51. Rh8 Nxe5 52. Rxh6 Rh1 53. Rh5 Kd6 54. Ke3 g4 55. Kf4 Rf1+ 56. Ke4 f5+ 57. Kd4 Rf2 58. hxg4 Nxg4 59. Kd3 e5 60. Rg5 e4+ 61. Kd2 Ke5 62. Ke1 e3 63. Nc1 Rxc2 64. Nd3+ Ke4 65. Nxb4 Rb2 66. Na6 Kf4 67. Rh5 Ne5 68. Nc5 Nf3+ 69. Kd1 e2+ 70. Kc1 e1Q+ 0-1

[Event "Kimry-ch"]
[Site "Kimry"]
[Date "2004.??.??"]
[Round "4"]
[White "Shikalov, Roman"]
[Black "Evdokimov, Sergey"]
[Result "1-0"]
[WhiteElo "2424"]
[BlackElo "2125"]
[PlyCount "87"]
[EventDate "2004.??.??"]
[EventType "swiss"]
[EventRounds "9"]
[EventCountry "RUS"]
[SourceTitle "EXT 2005"]
[Source "ChessBase"]
[SourceDate "2004.11.15"]
[SourceVersion "1"]
[SourceVersionDate "2004.11.15"]
[SourceQuality "1"]

1. c4 Nf6 2. Nc3 d5 3. cxd5 Nxd5 4. Nf3 g6 5. g3 Nxc3 6. bxc3 Bg7 7. Bg2 0-0 8. 0-0 c5 9. d4 cxd4 10. cxd4 Nc6 11. e3 Qa5 12. Nd2 Bf5 13. Nb3 Qc7 14. Ba3 Be6 15. Rc1 Bxb3 16. Qxb3 Qd7 17. Qa4 Rfd8 18. Rxc6 bxc6 19. Bxc6 Qe6 20. Bxa8 Rxa8 21. Bc5 Qe4 22. Qb3 h5 23. f3 Qf5 24. Bxe7 Re8 25. Bc5 Bh6 26. e4 Qh3 27. e5 h4 28. f4 Qf5 29. Qf3 Rb8 30. g4 Qc2 31. Rf2 Rb1+ 32. Kg2 Qc1 33. Kh3 a5 34. f5 g5 35. e6 fxe6 36. fxe6 Bg7 37. e7 Rb8 38. Qf7+ Kh7 39. Qh5+ Kg8 40. e8Q+ Rxe8 41. Qxe8+ Kh7 42. Qe4+ Kh6 43. Bf8 Bxf8 44. Rf6+ 1-0

[Event "Moscow Region-ch"]
[Site "Dubna"]
[Date "2001.??.??"]
[Round "1"]
[White "Shikalov, Roman"]
[Black "Azizov, Timur"]
[Result "1-0"]
[WhiteElo "2433"]
[BlackElo "2135"]
[PlyCount "109"]
[EventDate "2001.??.??"]
[EventType "swiss"]
[EventRounds "9"]
[EventCountry "RUS"]
[SourceTitle "EXT 2006"]
[Source "ChessBase"]
[SourceDate "2005.11.24"]
[SourceVersion "1"]
[SourceVersionDate "2005.11.24"]
[SourceQuality "1"]

1. f4 d5 2. Nf3 Nf6 3. g3 e6 4. Bg2 Be7 5. 0-0 0-0 6. d3 b6 7. e3 Bb7 8. b3 c5 9. Bb2 Nc6 10. Ne5 Rc8 11. Nd2 Qc7 12. Ndf3 Nd7 13. Nxc6 Qxc6 14. g4 f6 15. h4 Qd6 16. d4 c4 17. bxc4 Rxc4 18. Nd2 Rc7 19. a4 Nb8 20. Rf2 Rfc8 21. Nb3 Qd7 22. a5 b5 23. g5 f5 24. h5 Na6 25. Bf1 Nb8 26. h6 g6 27. Nc5 Qc6 28. Nd3 a6 29. Ba3 Bxa3 30. Rxa3 Nd7 31. Qb1 Qd6 32. Rb3 Ba8 33. Qb2 Bb7 34. Ne1 Ba8 35. Bd3 Qc6 36. Qa3 Kf7 37. Nf3 Bb7 38. Qb4 Ba8 39. Rf1 Bb7 40. Ra1 Ba8 41. Raa3 Ke8 42. Kf1 Kf7 43. Ke2 Ke8 44. Kd2 Kf7 45. Rc3 Qb7 46. Qd6 Rxc3 47. Rxc3 Rxc3 48. Kxc3 Qc6+ 49. Qxc6 Bxc6 50. Kb4 Ke8 51. Nh4 Kf7 52. Be2 Bb7 53. Nf3 Ke7 54. Ne5 Bc8 55. Nxg6+ 1-0

[Event "Moscow Region-ch"]
[Site "Dubna"]
[Date "2001.??.??"]
[Round "4"]
[White "Shikalov, Roman"]
[Black "Shamchuk, Leonid"]
[Result "0-1"]
[WhiteElo "2433"]
[BlackElo "2393"]
[PlyCount "70"]
[EventDate "2001.??.??"]
[EventType "swiss"]
[EventRounds "9"]
[EventCountry "RUS"]
[SourceTitle "EXT 2006"]
[Source "ChessBase"]
[SourceDate "2005.11.24"]
[SourceVersion "1"]
[SourceVersionDate "2005.11.24"]
[SourceQuality "1"]

1. e4 c5 2. Nc3 Nc6 3. g3 Nf6 4. Bg2 e6 5. d3 d6 6. Nge2 a6 7. 0-0 Be7 8. h3 Qc7 9. Be3 Bd7 10. Qd2 0-0-0 11. a3 d5 12. exd5 exd5 13. d4 cxd4 14. Nxd4 Ne5 15. b3 Be6 16. f4 Nc6 17. Qf2 Nxd4 18. Bxd4 Ne4 19. Nxe4 dxe4 20. Bb6 Qc3 21. Bxe4 Bxh3 22. Rfe1 Rd2 23. Qe3 Qxe3+ 24. Bxe3 Rd7 25. Kf2 h5 26. Rh1 Be6 27. a4 h4 28. gxh4 Bxh4+ 29. Ke2 g6 30. Rad1 Rxd1 31. Rxd1 Bf6 32. Rh1 Bg4+ 33. Kf2 Re8 34. Rh7 Rxe4 35. Rxf7 Be7 0-1

[Event "Dubna op"]
[Site "Dubna"]
[Date "2000.??.??"]
[Round "1"]
[White "Kedrov, Valery V"]
[Black "Shikalov, Roman"]
[Result "1-0"]
[WhiteElo "2190"]
[BlackElo "2429"]
[PlyCount "61"]
[EventDate "2000.??.??"]
[EventType "swiss"]
[EventRounds "9"]
[EventCountry "RUS"]
[SourceTitle "EXT 2002"]
[Source "ChessBase"]
[SourceDate "2001.11.25"]
[SourceVersion "1"]
[SourceVersionDate "2001.11.25"]
[SourceQuality "1"]

1. e4 Nf6 2. Nc3 d5 3. exd5 Nxd5 4. g3 Nxc3 5. bxc3 e5 6. Bg2 Bd6 7. Ne2 0-0 8. 0-0 c6 9. d3 Nd7 10. c4 f5 11. f4 c5 12. Rb1 Rb8 13. fxe5 Nxe5 14. Nf4 h6 15. Bd5+ Kh7 16. Ne6 Bxe6 17. Bxe6 g6 18. Qd2 Qg5 19. Qxg5 hxg5 20. Bxg5 Kg7 21. Bd5 b6 22. a4 Ng4 23. Rfe1 Rbe8 24. Kg2 f4 25. gxf4 Ne3+ 26. Kg3 Nxc2 27. Re4 Nb4 28. Rbe1 Rxe4 29. dxe4 Nd3 30. e5 Bxe5 31. Rxe5 1-0